| 000 | 00499nam a22001817a 4500 | ||
|---|---|---|---|
| 003 | CEME | ||
| 005 | 20210628204151.0 | ||
| 008 | 210105b xxu||||| |||| 00| 0 eng d | ||
| 020 | _a0939246538 | ||
| 040 | _cceme | ||
| 082 | _a658.562 MCN | ||
| 100 |
_aMcnair, C.J, Leibfried, Kathleen.H.J _969069 |
||
| 245 | _aBenchmarking, a tool for continuous improvement | ||
| 260 |
_aUSA _bOMNEO _c1992 |
||
| 300 | _aXVII, 344P | ||
| 650 |
_aBENCHMARKING.CONTINUOUS IMPROVEMENT _969070 |
||
| 942 |
_cBK _2ddc |
||
| 999 |
_c576480 _d576480 |
||